000 00954cam a22003018i 4500
005 20260322212039.0
008 data
010 _a 79025599
020 _a0440036542
020 _a9780440036548
040 _dCStRLIN
_dCStRLIN
050 0 _aHV1624.K4
_bL37
082 _aB
_aB
099 _aKELLH
100 1 _aLash, Joseph P.,
_d1909-
245 1 0 _aHelen and teacher :
_bthe story of Helen Keller and Anne Sullivan Macy /
_cJoseph P. Lash.
260 0 _aNew York :
_bDelacorte Press,
_cc1980.
300 _axiv, 811 p., [20] leaves of plates :
_bill. ;
_c24 cm.
440 0 _aRadcliffe biography series
500 _a"A Merloyd Lawrence book."
500 _aIncludes index.
504 _aBibliography: p. [787]-789.
600 1 0 _aKeller, Helen,
_d1880-1968.
600 1 0 _aSullivan, Annie,
_d1866-1936.
650 0 _aDeafblind people
_zUnited States
_vBiography.
650 0 _aTeachers of the blind-deaf
_zUnited States
_vBiography.
001 data
999 _c926
_d926